|
|
|
|
| LEADER |
00000cam a2200000 7i4500 |
| 001 |
0000000794 |
| 005 |
20020221.0 |
| 020 |
0 |
0 |
|a 9839592149
|
| 090 |
0 |
0 |
|a 595.736
|b THO 1992
|
| 100 |
1 |
0 |
|a THO
|h Y. P.
|
| 245 |
1 |
0 |
|a Termites of Peninsular Malaysia
|c Y.P. Tho
|f edited by Laurence G. Kirton
|
| 260 |
0 |
0 |
|a Kuala Lumpur :
|b Institut Penyelidikan Perhutanan Malaysia ,
|c 1992
|
| 300 |
|
|
|a ix, 224 p. :
|b ill. ;
|c 28 cm.
|
| 440 |
0 |
0 |
|a Malaysian forest records
|v n. 36
|
| 500 |
0 |
0 |
|a Bibliography: [p. 213-218] and index
|
| 650 |
0 |
0 |
|a Termites
|z Semenanjung Malaysia
|
| 700 |
0 |
1 |
|a Kirton
|h Laurence G.
|
| 710 |
1 |
1 |
|a Institut Penyelidikan Perhutanan Malaysia (FRIM)
|
| 998 |
|
|
|a JPSM
|
| 999 |
|
|
|a 0000000127
|b Monograph
|c Reference
|e Default branch
|
| 999 |
|
|
|a 0000000128
|b Monograph
|c Open Shelf
|e Default branch
|
| 999 |
|
|
|a 0000000649
|b Monograph
|c Open Shelf
|e Default branch
|
| 999 |
|
|
|a 0000000650
|b Monograph
|c Open Shelf
|e Default branch
|
| 999 |
|
|
|a 0000001963
|b Monograph
|c Open Shelf
|e Default branch
|
| 999 |
|
|
|a 0000002889
|b Monograph
|c Reference
|e Default branch
|